000 00451nam a2200181Ia 4500
001 24352
005 20260414151037.0
008 260414t2004||||xx |||||||||||||| ||spa||
041 _aESP
082 _a345.52
_bC29
100 _aCastillo Córdova, Luis
_eAUT
245 0 _aHábeas corpus, amparo y hábeas data texto impreso
_b
260 _c2004
300 _a403 páginas :
_c\N
650 _aDER
654 _aCDE
942 _cLIB
_dJUS
_fJUS
_2ddc
_n
999 _c24352
_d24352